|
|
|
|
| LEADER |
00000nab a2200000 a 4500 |
| 001 |
vtls009353232 |
| 003 |
SK-MaSNL |
| 005 |
20260304151142.0 |
| 008 |
250506c2008 xo mr|p|||||||000 b|slo |
| 015 |
|
|
|a SNBRB2008/10
|2 snkbucl
|
| 035 |
|
|
|a (uuid)22b4f1d5-3082-446c-a068-072ef6b58e25
|
| 035 |
|
|
|a urn:nbn:sk:snk-ab13i5
|
| 035 |
|
|
|a (urnnbn)urn:nbn:sk:snk:ar-003scy
|
| 038 |
|
|
|a SNKBUCL
|
| 040 |
|
|
|a SNKBUCL
|b slo
|c SNKBUCL
|e AACR2
|
| 041 |
0 |
|
|a slo
|
| 044 |
|
|
|a xo
|c SK
|
| 080 |
|
|
|a 347.7
|2 2001
|
| 080 |
|
|
|a 351.71
|2 2001
|
| 100 |
1 |
|
|a Páleníková, Ľubica
|4 aut
|9 331132
|
| 245 |
1 |
0 |
|a Novela zákona o verejnom obstarávaní s účinnosťou od 1. júla 2008
|c Ľubica Páleníková
|
| 504 |
|
|
|a Bibliogr. odkazy
|
| 650 |
0 |
7 |
|a verejné obstarávanie
|2 snkbucl
|9 4221
|
| 650 |
0 |
7 |
|a zákony
|2 snkbucl
|9 1156
|
| 773 |
0 |
|
|t Justičná revue
|g Roč. 60, č. 8-9 (2008), s. 1148-1156
|x 1335-6461
|
| 850 |
|
|
|a Slovenská národná knižnica
|
| 852 |
|
|
|a Slovenská národná knižnica
|
| 954 |
|
|
|a odborná, vedecká literatúra pôvodná (slovenská)
|2 lita
|
| 958 |
|
|
|a article27
|
| 958 |
|
|
|a OND
|
| 958 |
|
|
|a SK
|
| 958 |
|
|
|a NB
|
| 958 |
|
|
|a EUIPO
|
| 999 |
|
|
|c 2941849
|d 2943779
|